Special friendships /

保存先:
書誌詳細
第一著者: Peyrefitte, Roger
その他の著者: Hyams, Edward
フォーマット: 図書
言語:英語
出版事項: London Panther 1968
タグ: タグ追加
タグなし, このレコードへの初めてのタグを付けませんか!

MARC

LEADER 00000nam a2200000 4500
001 CDOM0000002473
003 mi
005 20251017215435.0
008 251017b |||||||| |||| 00| 0 eng d
040 |c mi 
100 |a Peyrefitte, Roger 
245 1 |a Special friendships /  |c Roger Peyrefitte ; translated from the French by Edward Hyams 
260 |a London  |b Panther  |c 1968 
300 |a 256 p. ;  |c 18 cm. 
700 |a Hyams, Edward 
942 |2 ddc  |c BK 
952 |0 0  |1 0  |2 ddc  |4 0  |6 B_LNR02PEYROSPE11  |7 0  |9 6006  |a MI  |b MI  |d 1987-11-27  |i 690  |l 0  |o B-LNR02-PEYRO-SPE11  |p CDOM690  |r 2025-07-13 16:28:00  |w 2025-07-13  |x DONO  |y BK 
999 |c 4798  |d 4798